| 000 | 00760nam a2200217Ii 4500 | ||
|---|---|---|---|
| 003 | JO-AjNU | ||
| 008 | 230605s9999||||xx |||||||||||||| ||und|| | ||
| 017 | _a1978/2272 | ||
| 020 | _a977-247-203-1 | ||
| 040 |
_aJO-AjNU _bara _erda _cJO-AjNU |
||
| 041 | _aara | ||
| 050 | 1 | 4 | _aTK452. I23 1978 |
| 100 | 3 |
_aامين، زكريا عبود, _eauthor _920173 |
|
| 245 | 0 | 0 | _aاساسيات الآلآت الكهربائية نظريات ومسائل |
| 264 | 3 | 1 | _aالقاهرة: دار المعارف، 1978 |
| 300 |
_a208ص _bصور توضيحية |
||
| 336 |
_atext _btxt _2rdacontent |
||
| 337 |
_aunmediated _bn _2rdamedia |
||
| 338 |
_avolume _bnc _2rdacarrier |
||
| 650 | 4 |
_aالالات الكهربائية -الهندسة الكهربائية _920174 |
|
| 999 |
_aA6791 _c10359 _d10359 |
||